Statystyki dla Raperzy w SBM Label

Kliknij tutaj aby rozwiązać quiz!

Ogólne statystyki

  • Ten quiz został rozwiązany 2 288 razy
  • Średni wynik to 10 z 12

Statystyki odpowiedzi

Ostatnia Płyta (Niektóre jeszcze nie wydane)Raper% Poprawnych
100 dni do maturyMata
99%
Rewolucja RomantycznaBedoes
98%
Diamentowy LasBiałas
96%
Diamentowy LasWhite 2115
96%
Janusz WalczukJanusz Walczuk
95%
Pokój ZeroSolar
84%
UśmiechJan-rapowanie
83%
HoodieBeteo
78%
NienajseksowniejszeAdi Nowak
70%
CHAOSFukaj
69%
Sztuki PiękneBracia Kacperczyk
66%
Jak Spadały GwiazdyMoli
49%

Rozkład punktacji

Percentyl według liczby udzielonych odpowiedzi

Procent ludzi z każdym wynikiem

Twoja historia wyników

Nie rozwiązałeś tego quizu